书目信息 |
| 书名: | The Protestant Ethic and the spirit of capitalism | |
| 作者: | Max Weber ; translated by Talcott Parsons ; introd. by Anthony Giddens. | |
| 分册号: | ||
| 分册名: | 出版地: | New York : |
|
| 出版社: | Scribner | |
| 出版时间: | 1976. | |
| 页数: | 292 p. ; | |
| 开本: | 20 cm. | |
| 丛书名: | ||
| 中图分类号: | ||
| 科图分类号: | ||
| 其他分类号: | B920 | |
| 主题词: | ||
| 电子资源: | ||
| 000 | 00940nam 22000265 450 | |
| 001 | 0201161187 | |
| 005 | 20070709150050.25 | |
| 008 | 800401m1976 u y b 001 0 | |
| 020 | @a0684155028 :@cD. | |
| 041 | @aeng@aengger | |
| 090 | @aB920 | |
| 090 | @aB920 | |
| 099 | @dB920@ex42 | |
| 100 | 1 | @aWeber@cMax,@d1864-1920. |
| 130 | 0 | @aDie protestantische Ethik und der Geist des Kapitalismus.@lEnglish |
| 245 | 10 | @aThe Protestant Ethic and the spirit of capitalism / @cMax Weber ; translated by Talcott Parsons ; introd. by Anthony Giddens. |
| 260 | 1 | @aNew York :@bScribner,@c1976. |
| 300 | @a292 p. ;@c20 cm. | |
| 500 | @aTranslation of: Die protestantische Ethik und der Geist des Kapitalismus. | |
| 504 | @aIncludes bibliographical references and index. | |
| 650 | 4 | @aChristian ethics. |
| 650 | 4 | @aCapitalism |
| 650 | 4 | @aChristianity and economics |
| 650 | 4 | @aProtestantism. |
| 650 | 4 | @aReligion and sociology. |
| The Protestant Ethic and the spirit of capitalism / / Max Weber ; translated by Talcott Parsons ; introd. by Anthony Giddens.-New York : : Scribner, , 1976. |
| 292 p. ; ; 20 cm. |
| Translation of: Die protestantische Ethik und der Geist des Kapitalismus.-Includes bibliographical references and index. |
| ISBN 0684155028 :D. |
| ● |
| 相关链接 |
|
|
|
|
正题名:The Protestant Ethic and the spirit of capitalism
索取号:B920/x42
 
预约/预借
| 序号 | 登录号 | 条形码 | 馆藏地/架位号 | 状态 | 备注 |
| 1 | 0011724 | 300117246 | 第二样本阅览室/ [索取号:B920/x42] | 在馆 |